Statistics for Conjuring franchise- all films

Click here to take the quiz!

General Stats

  • This quiz has been taken 13 times
  • The average score is 5 of 8

Answer Stats

HintAnswer% Correct
2013The Conjuring
100%
2016The Conjuring 2
100%
2018The Nun
100%
2014Annabelle
86%
2017Annabelle Creation
71%
2019Annabelle Comes Home
57%
2019The Curse of La Llorona
29%
2020The Conjuring: The devil made me do it
0%

Score Distribution

Percentile by Number Answered

Percent of People with Each Score

Your Score History

You have not taken this quiz